000 02577cam a22003015a 4500
001 17379654
005 20201128024324.0
008 120710t2013 nyua frb 001 0 eng d
020 _a9781461441380
040 _aBTCTA
_beng
_cBTCTA
_dYDXCP
_dCDX
_dOCLCO
_dABC
_dBWX
_dMUU
_dDLC
_dEG-ScBUE
082 0 4 _a006.754
_222
_bSEC
245 0 0 _aSecurity and privacy in social networks /
_cYaniv Altshuler ... [editors]
260 _aNew York :
_bSpringer,
_cc.2013.
300 _avi, 253 p. :
_bill. ;
_c25 cm.
504 _aIncludes bibliographical references and index.
505 0 _aIntroduction to security and privacy in social networks / Yuval Elovici and Yaniv Altshuler -- Interdisciplinary impact analysis of privacy in social networks / Michael Netter, Sebastian Herbst, and Gunther Pernul -- Recognizing your digital friends / Patrik Bichsel, Jan Camenisch, and Mario Verdicchio -- Encryption for peer-to-peer social networks / Oleksandr Bodriagov and Sonja Buchegger -- Crowdsourcing and ethics: the employment of crowdsourcing workers for tasks that violate privacy and ethics / Christopher G. Harris and Padmini Srinivasan -- The effect of social status on decision-making and prices in financial networks / Yoel Krasny -- Stealing reality: when criminals become data scientists (or vice versa) / Yaniv Altshuler ... [et al.] -- Applications of k-anonymity and l-diversity in publishing online social networks / Na Li and Sajal K. Das -- Link reconstruction attack: using link prediction algorithms to compromise social networks privacy / Michael Fire ... [et al.] -- An analysis of anonymity in the Bitcoin system / Fergal Reid and Martin Harrigan -- Privacy-preserving data integration using decoupled data / Hye-Chung Kum, Stanley Ahalt, and Darshana Pathak.
520 _a"This book: Presents innovative solutions to social network security challenges ; Defines a new field of research in computer and communications security ; Raises emerging security problems in online social network environments."--Publisher's website.
650 7 _aOnline social networks
_xSecurity measures.
_2BUEsh
650 7 _aData encryption (Computer science)
_2BUEsh
_92635
650 7 _aData protection.
_2BUEsh
_941089
650 0 _aComputer crimes
_xPrevention.
_2BUEsh
651 _2BUEsh
653 _bCOMSCI
_cApril2018
700 1 _aAltshuler, Yaniv,
_eeditor.
856 4 2 _3Publisher description
_uhttp://www.loc.gov/catdir/enhancements/fy1306/2012943943-d.html
856 4 1 _3Table of contents only
_uhttp://www.loc.gov/catdir/enhancements/fy1306/2012943943-t.html
942 _2ddc
999 _c26537
_d26509